000 00415nam a2200169 a 4500
001 5892
003 CO-ViMGA
008 141112s2004 ck r 000 u spa d
040 _aCO-ViMGA
_bspa
_cCO-ViMGA
082 0 4 _a948.02 P677
100 1 _aPortner, Rudolf
_94483
245 1 0 _aLa saga de los vikingos
260 _aBarcelona :
_bJuventud,
_c1975
300 _a397 p : il
650 1 4 _aVIKINGOS
942 _2ddc
_cBK
999 _c17868
_d17868